000 00480nam a2200157Ia 4500
008 100122s9999 xx 000 0 und d
082 _b34258
_a823
100 _aउदगांवकर प्रज्ञा
245 _aचक्रव्युह
260 _bप्रमोद प्रकाशन
_c1989
300 _a146
630 _aचक्रव्युह
700 _aसोफोक्लिस
730 _aचक्रव्युह
942 _cBOOK
999 _c418093
_d418090